Statistics for Five Biggest Cities by Subdivision on a Map #2

Click here to take the quiz!

General Stats

  • This quiz has been taken 258 times
  • The average score is 21 of 45

Answers on the Map

Answers color-coded by a green-red scale on the quiz's map according to % correct below.
 

Answer Stats

RegionPopCity% Correct
England10.6 mLondon
100%
England2.57 mBirmingham
98%
England2.70 mManchester
98%
São Paulo21.8 mSão Paulo
97%
England902 kLiverpool
94%
Québec3.51 mMontréal
94%
Bavaria2.60 mMunich
94%
England1.86 mLeeds
93%
Québec705 kQuébec
93%
Victoria4.19 mMelbourne
92%
New Mexico741 kAlbuquerque
89%
New Mexico89.2 kSanta Fe
84%
Flanders915 kAntwerp
80%
Bavaria798 kNuremberg
71%
Flanders399 kGhent
65%
Punjab11.1 mLahore
65%
Flanders118 kBruges
58%
Punjab3.20 mFaisalabad
47%
Bavaria423 kAugsburg
45%
New Mexico128 kLas Cruces
43%
Punjab2.09 mRawalpindi
40%
Inner Mongolia1.49 mHohhot
35%
São Paulo1.21 mCampinas
34%
Québec114 kTrois-Rivières
33%
Québec276 kGatineau
31%
Victoria157 kGeelong
31%
Bavaria208 kRegensburg
28%
Punjab1.87 mMultan
27%
Bavaria154 kIngolstadt
26%
Punjab2.02 mGujranwala
25%
Québec139 kSherbrooke
24%
Flanders101 kLeuven
23%
New Mexico53.0 kFarmington
21%
Inner Mongolia1.90 mBaotou
20%
Victoria92.3 kBendigo
19%
Victoria93.7 kBallarat
18%
Flanders86.3 kMechelen
18%
Inner Mongolia902 kChifeng
12%
New Mexico63.7 kLos Lunas
11%
Inner Mongolia510 kOrdos
11%
São Paulo602 kRibeirão Preto
11%
São Paulo617 kSão José dos Campos
11%
São Paulo580 kSorocaba
10%
Inner Mongolia540 kTongliao
8%
Victoria54.4 kMelton
7%

Score Distribution

Percentile by Number Answered

Percent of People with Each Score

Your Score History

You have not taken this quiz